MCU Quote Quiz (Harder) - Statistics

General Stats
  • This quiz has been taken 1,918 times
  • The average score is 5 of 15
Answer Stats
Hint Answer % Correct
"You have made me very desperate. You might not be glad that you did." Nick Fury
77%
"Well, I hope I'm the man for the job." Captain America
74%
"It was quite the buzz around here, finding you in the ice." Black Widow
68%
"I see better from a distance." Hawkeye
66%
"I was-I-I drifted." Hulk
61%
"In the flesh." Ultron
43%
"Tell them those Tae-Bo tapes really paid off." Coulson
40%
"The world has changed, and none of us can go back. All we can do is our best..." Peggy Carter
23%
"So you're a man that has everything, but has nothing?" Ho Yinsen
17%
"It will be the tinder on which you burn." Ronan the Accuser
17%
"If you'd killed him like you were supposed to, you'd still have a face." Obadiah Stane
16%
"I can barely remember a time before the light." Malekith
15%
"So, uh, uh, when... When you get back, I'll show you my thing. A thing. It's not-- I-It's my hardware. My equipment! Let's... hang up." Leo Fitz
11%
"Discovery requires experimentation." Daniel Whitehall
10%
"I'm everyone's type." Raina
5%
No matching quizzes found
Score Distribution
Percent of People with Each Score
Percentile by Number Answered
Your Score History
You have not taken this quiz